| 000 | 02526nam a2200241Ia 4500 | ||
|---|---|---|---|
| 003 | OSt | ||
| 005 | 20210921121030.0 | ||
| 008 | 210310t1967 eu fr 000 0 eng d | ||
| 040 |
_aCO-JMCR _cCO-JMCR |
||
| 041 | 0 | _aeng | |
| 082 | 0 | 4 |
_a368.4008 / _bE192s _223 |
| 100 | 1 |
_aEckstein, Otto, _917671 _eeditor |
|
| 245 | 1 | 0 |
_aStudies in the economics of income maintenance / _cOtto Eckstein, editor |
| 260 |
_aWashington : _bBrookings Institution, _c©1967 |
||
| 300 |
_axvi, 254 páginas : _bilustraciones y gráficas a blanco y negro ; _c23 cm. |
||
| 490 | 0 | _aStudies of government finance | |
| 500 | _aIncluye notas a pie de página. | ||
| 505 | 0 |
_tSocial security: international comparisons / _rHenry Aaron _tBenefits under the american social security system / _rHenry Aaron _tUnemployment compensation: the massachusetts experience / _rCharles Warden _tPublic assistance expenditures in the United States / _rLora S.Collins _tThe Mack Case: A study in unemployment / _rJohn W. Dorsey |
|
| 520 | 3 | _aGovernment policies to improve the well-being of low-income people have come under increasing scrutiny in recent years. In the mid-1960's. income maintenance payments reached about $35 billion, or 17 percent of all public expenditures in the United States. The studies in this volume, which are introduced and summarized by Otto Eckstein, deal with spe cific aspects of current programs. Henry Aaron seeks to correlate the differences in income maintenance expenditures in twenty-two countries with selected variables, and computes the lifetime income redistributions associated with the U.S. Social Security system. Charles Warden, Jr, uses statistical techniques to classify the costs of the Massachusetts unemployment compensation system according to the types of unemployment which cause them. Lora S. Collins investigates the extent to which interstate variations in expenditures, recipient rates, and average payments under public as sistance programs can be explained by objective economic factors. John W. Dorsey analyzes the economic adjustments of workers to the relocation of an industrial plant. Because some of the workers received very substantial private and public income mainter ince payments his study sheds light on the economic effects of such payments Otto Eckstein directed the preparation of these studies as doctoral dissertations at Harvard University | |
| 650 | 1 | 4 |
_aSeguridad social _917673 _zEstados Unidos |
| 650 | 2 | 4 |
_aSeguridad social _xEstudios de caso _zEstados Unidos _940667 |
| 942 |
_2ddc _cBK |
||
| 999 |
_c8575 _d8575 |
||